00783cam a22002411 4500001001300000003000400013005001700017008004100034010001700075035001900092040004100111042001200152043001200164050002300176082001200199111008800211245001800299260004400317300002200361500010100383650004000484999001700524pa 57000019 DLC20260227111854.0751009s1957 dcu i000 0 eng c apa 57000019  a(OCoLC)1689281 aPan American Union. LibrarycFUdDLC apremarc acl-----00aHD7320b.I53 1956c a331.8332 aInter-American Technical Meeting on Housing and Planningn(1st :d1956 :cBogotá)00aFinal report. aWashington,bPan American Union,c1957. a ii, 49 p.c28cm. aAt head of title: Organization of American States. Inter-American Economic and Social Council. 0aHousingzLatin AmericavCongresses. c51341d51341